Belgian Provinces - Statistics

General Stats
  • This quiz has been taken 87 times
    62 since last reset
  • The average score is 8 of 11
Answer Stats
Answer % Correct
Brussels
92%
Antwerp
88%
East Flanders
82%
Limburg
82%
West Flanders
82%
Luxembourg
80%
Namur
78%
Liege
76%
Flemish Brabant
64%
Hainaut
62%
Walloon Brabant
52%
No matching quizzes found
Score Distribution
Percent of People with Each Score
Percentile by Number Answered
Your Score History
You have not taken this quiz since the last reset